IIHF World Championships Host Countries - Statistics

General Stats
  • This quiz has been taken 320 times
  • The average score is 80 of 89
Answer Stats
Hint Answer % Correct
2008 Canada
99%
1965 Finland
98%
1974 Finland
98%
1982 Finland
98%
1991 Finland
98%
1997 Finland
98%
2003 Finland
98%
2012 Finland
98%
Finland
98%
2000 Russia
98%
2007 Russia
98%
2016 Russia
98%
1932 USA
98%
1960 USA
98%
1962 USA
98%
Germany
97%
1936 Germany
97%
1955 Germany
97%
1975 Germany
97%
1983 Germany
97%
1993 Germany
97%
2001 Germany
97%
2010 Germany
97%
2017 Germany
97%
1949 Sweden
97%
1954 Sweden
97%
1963 Sweden
97%
1969 Sweden
97%
1970 Sweden
97%
1981 Sweden
97%
1989 Sweden
97%
1995 Sweden
97%
2002 Sweden
97%
Sweden
97%
2013 Sweden
97%
2011 Slovakia
95%
2019 Slovakia
95%
2004 Czechia
94%
2015 Czechia
94%
1924 France
93%
1930 France
93%
1951 France
93%
1968 France
93%
France
93%
1928 Switzerland
92%
1935 Switzerland
92%
1939 Switzerland
92%
1948 Switzerland
92%
1953 Switzerland
92%
1961 Switzerland
92%
1971 Switzerland
92%
1990 Switzerland
92%
1998 Switzerland
92%
2009 Switzerland
92%
2020 Switzerland
92%
Austria
91%
1964 Austria
91%
1967 Austria
91%
1977 Austria
91%
1987 Austria
91%
1996 Austria
91%
2005 Austria
91%
2018 Denmark
91%
1937 United Kingdom
90%
1950 United Kingdom
90%
1952 Norway
89%
1958 Norway
89%
1999 Norway
89%
1934 Italy
87%
1956 Italy
87%
1994 Italy
87%
2006 Latvia
87%
2014 Belarus
85%
1957 Soviet Union
83%
1973 Soviet Union
83%
1979 Soviet Union
83%
1986 Soviet Union
83%
1931 Poland
75%
1976 Poland
75%
1933 Czechoslovakia
73%
1938 Czechoslovakia
73%
1947 Czechoslovakia
73%
1959 Czechoslovakia
73%
1972 Czechoslovakia
73%
1978 Czechoslovakia
73%
1985 Czechoslovakia
73%
1992 Czechoslovakia
73%
1920 Belgium
55%
1966 Yugoslavia
54%
No matching quizzes found
Score Distribution
Percent of People with Each Score
Percentile by Number Answered
Your Score History
You have not taken this quiz